000
00333nam a2200133Ia 4500
008
240624s9999 xx 000 0 und d
041
_a
eng
082
_a
920 BIN
100
_a
BINDRA ABHINAV
245
_a
SHOT AT HISTORY MY OBSESSIVE JOURNEY TO
260
_c
2011
_a
New Delhi
_b
Harper Sport
300
_a
224 : p.
365
_c
RS
_b
25
999
_c
18249
_d
18249